<?xml version="1.0" encoding="UTF-8"?>
<collection xmlns="http://www.loc.gov/MARC21/slim">
 <record>
  <leader>01779nam2a2200277   4500</leader>
  <controlfield tag="001">in00000003942</controlfield>
  <controlfield tag="005">20230404133825.1</controlfield>
  <datafield tag="010" ind1=" " ind2=" ">
   <subfield code="a">978-7-5182-1289-7</subfield>
   <subfield code="d">CNY72.00</subfield>
  </datafield>
  <datafield tag="035" ind1=" " ind2=" ">
   <subfield code="a">01113823</subfield>
  </datafield>
  <datafield tag="100" ind1=" " ind2=" ">
   <subfield code="a">20210819d2021    em y0chiy50      ea</subfield>
  </datafield>
  <datafield tag="101" ind1="0" ind2=" ">
   <subfield code="a">chi</subfield>
  </datafield>
  <datafield tag="102" ind1=" " ind2=" ">
   <subfield code="a">CN</subfield>
   <subfield code="b">110000</subfield>
  </datafield>
  <datafield tag="105" ind1=" " ind2=" ">
   <subfield code="a">ak  az  000yy</subfield>
  </datafield>
  <datafield tag="106" ind1=" " ind2=" ">
   <subfield code="a">r</subfield>
  </datafield>
  <datafield tag="200" ind1="1" ind2=" ">
   <subfield code="a">2021年版全国一级造价工程师职业资格考试培训教材</subfield>
   <subfield code="9">2021 nian ban quan guo yi ji zao jia gong cheng shi zhi ye zi ge kao shi pei xun jiao cai</subfield>
   <subfield code="i">建设工程计价</subfield>
   <subfield code="f">全国造价工程师职业资格考试培训教材编审委员会 [编]</subfield>
  </datafield>
  <datafield tag="205" ind1=" " ind2=" ">
   <subfield code="a">2版</subfield>
  </datafield>
  <datafield tag="210" ind1=" " ind2=" ">
   <subfield code="a">北京</subfield>
   <subfield code="c">中国计划出版社</subfield>
   <subfield code="d">2021</subfield>
  </datafield>
  <datafield tag="215" ind1=" " ind2=" ">
   <subfield code="a">313页</subfield>
   <subfield code="c">图</subfield>
   <subfield code="d">26cm</subfield>
  </datafield>
  <datafield tag="314" ind1=" " ind2=" ">
   <subfield code="a">责任方式取自版权页</subfield>
  </datafield>
  <datafield tag="320" ind1=" " ind2=" ">
   <subfield code="a">有书目(第312-313页)</subfield>
  </datafield>
  <datafield tag="330" ind1=" " ind2=" ">
   <subfield code="a">2021年版全国一级造价工程师职业资格考试培训教材--建设工程计价,在2019年版的基础上进行了修订,主要根据《工程造价改革工作方案》(建办标【2020】38号)等新颁布的规定进行修订。全书共分为六章:1 建设工程造价构成,2 建设工程计价原理、方法及计价依据,3 建设项目决策和设计阶段工程造价的预测,4 建设项目发承包阶段合同价款的约定,5 建设项目施工阶段合同价款的调整和结算,6 建设项目竣工决算和新增资产价值的确定。</subfield>
  </datafield>
  <datafield tag="517" ind1="1" ind2=" ">
   <subfield code="a">建设工程计价</subfield>
   <subfield code="9">jian she gong cheng ji jia</subfield>
  </datafield>
  <datafield tag="606" ind1="0" ind2=" ">
   <subfield code="a">建筑工程</subfield>
   <subfield code="x">工程造价</subfield>
   <subfield code="x">资格考试</subfield>
   <subfield code="j">自学参考资料</subfield>
  </datafield>
  <datafield tag="690" ind1=" " ind2=" ">
   <subfield code="a">TU723.3</subfield>
   <subfield code="v">5</subfield>
  </datafield>
  <datafield tag="711" ind1="0" ind2="2">
   <subfield code="a">全国造价工程师职业资格考试培训教材编审委员会</subfield>
   <subfield code="9">quan guo zao jia gong cheng shi zhi ye zi ge kao shi pei xun jiao cai bian shen wei yuan hui</subfield>
   <subfield code="4">编</subfield>
  </datafield>
  <datafield tag="999" ind1="f" ind2="f">
   <subfield code="s">d9980040-b587-499c-86e5-723440c7d791</subfield>
   <subfield code="i">053aeb35-df93-4d67-8996-07e0e3cd1ecd</subfield>
  </datafield>
 </record>
</collection>
